Statistics for Countries Most Similar To Sri lanka

Click here to take the quiz!

General Stats

  • This quiz has been taken 38 times
  • The average score is 9 of 20

Answer Stats

RankCountryScore% Correct
1India69.3
100%
12Pakistan57.3
87%
3Bangladesh63.4
84%
10Nepal58.5
84%
4Thailand61.5
71%
5Myanmar61.3
65%
7Malaysia60
55%
15Vietnam55.8
52%
13Cambodia56.6
48%
8Indonesia59.7
48%
9Philippines59.6
39%
2Mauritius63.5
35%
20Brunei64.7
29%
6Fiji61
19%
18Dominican Republic55.2
13%
11Guyana58.2
13%
16Samoa55.6
13%
14Trinidad and Tobago56.2
13%
17Suriname55.4
10%
19Vanuatu54.9
10%

Score Distribution

Percentile by Number Answered

Percent of People with Each Score

Your Score History

You have not taken this quiz